1299 1367 1076 1685 1935 1660 1488 1021 1856 1104 1950 1893 1831 1052 1816 1561 1873 1975 1292 1279 1275 1844 1466 1748 1346 1203 1789 1341 1736 1629 1225 1667 1117 1047 1300 1638 1265 1338 1347 1053 1940 1991 1352 1347 1726 1640 1166 1048 1947 1694 1423 1823 1814 1420 1248 1855 1730 1916 1176 1170 1239 1854 1116 1690 1999 1311 1716 1111 1295 1691 1005 1732 1391 1818 1910 1470 1799 1555 1225 1979 1629 1647 1423 1875 1290 1262 1111 1031 1641 1069 1838 1700 1863 1552 1500 1313 1821 1473 1718 BCNSPRNW ULIB Ver.6.0+V

เปลี่ยนเป็นภาษาไทย

Change to English
 แสดงรายละเอียดบรรณานุกรม
  กลับหน้าหลัก

Brief Record : Get Marc (ISO 2709) : E-mail record : QR code < ปิดหน้าต่าง
LEADER : 00000nam 2200000uu 4500
001    13399112152
003     ULIB
008    110627s2553||||th 000 0 tha d
020    9786165000512
090    นว.^bก832ม 2553
100 0  เก้าแต้ม
245 00 มายาร้อยใจ/^cเก้าแต้ม
250    พิมพ์ครั้งที่ 2
260    กรุงเทพฯ :^bพิมพ์คำ,^c2553
300    413 หน้า
710 1  พิมพ์คำ
945    ^p260^l0^i028051
995    ทศพร
999 ^a ใช้งานได้ทุกระบบ
รายการนี้ยังไม่มีแท็ก
คุณยังไม่ได้ล็อกอิน คุณสามารถมีกิจกรรมร่วมกับเว็บไซต์ได้ แต่ต้องล็อกอินก่อน ::
  ล็อกอิน

รายการสื่อสารสนเทศ

ลำดับที่ ประเภท เลขเรียก/บาร์โค้ด สถานที่ สถานะ
- ไม่พบข้อมูล -

รายการใกล้เคียง
    ผู้แต่ง [เก้าแต้ม]

BibComment


ยังไม่เคยถูกคอมเมนท์

คอมเมนท์ทรัพยากรรายการนี้
  คอมเมนท์: มายาร้อยใจ เก้าแต้ม


 Copyright 2026. Bcnsprnw @Library